01205nam a2200289Ia 4500001001200000003000800012006001900020007001500039008004100054020001500095040002100110035002000131050003000151082002700181245014500208260004300353300001100396504005100407533015200458650004900610650004700659655002900706700002000735710001700755856012600772999001700898ebr10044941CaPaEBRm u cr cn|||||||||030618s2003 dcu sb 001 0 eng d z0821355805 aCaPaEBRcCaPaEBR a(OCoLC)5362026114aRA643.86.E852bA95 2003eb04a362.196/9792/0094722200aAverting AIDS crises in Eastern Europe and Central Asiah[electronic resource] :ba regional support strategy /cOlusoji Adeyi ... [et al.]. aWashington, D.C. :bWorld Bank,c2003. a196 p. aIncludes bibliographical references and index. aElectronic reproduction.bPalo Alto, Calif. :cebrary,d2009.nAvailable via World Wide Web.nAccess may be limited to ebrary affiliated libraries. 0aAIDS (Disease)zEurope, EasternxPrevention. 0aAIDS (Disease)zAsia, CentralxPrevention. 7aElectronic books.2local1 aAdeyi, Olusoji.2 aebrary, Inc.40uhttp://site.ebrary.com/lib/rucke/Doc?id=10044941zAn electronic book accessible through the World Wide Web; click to view c75368d75368